000 nam a22 7a 4500
999 _c8407
_d8407
008 180116b ||||| |||| 00| 0 eng d
100 _94812
_aMALHOTRA.M
245 _aENVIRONMENTAL STUDIES -5
260 _aMEERAT
_b ARIHAND
_c2015